000 00365 a2200109 4500
001 ART_37909
005 20260410161751.0
008 260409a
245 1 0 _aRestitución del solve et repete: no es necesario iniciar una acción de repetición
100 1 _aVaquero, Fernando M.
773 0 _tDoctrina tributaria
_g- Nº 430 (ene. 2016)
_wREV4296
999 _c19632
_d19632